Anekdot Madinah : (Record no. 125054)

MARC details
000 -LEADER
fixed length control field 00775nam a2200253 i 4500
001 - CONTROL NUMBER
control field C2-0325329
003 - CONTROL NUMBER IDENTIFIER
control field PPAK
005 - DATE AND TIME OF LATEST TRANSACTION
control field 20180728123359.0
008 - FIXED-LENGTH DATA ELEMENTS--GENERAL INFORMATION
fixed length control field 140127s2013 my a|||| ||||| | may d
020 ## - INTERNATIONAL STANDARD BOOK NUMBER
International Standard Book Number 9789830974040
040 ## - CATALOGING SOURCE
Original cataloging agency PPAK
Language of cataloging eng
Transcribing agency PPAK
Description conventions rda
082 04 - DEWEY DECIMAL CLASSIFICATION NUMBER
Classification number 297.35538
Edition number 23
090 00 - LOCALLY ASSIGNED LC-TYPE CALL NUMBER (OCLC); LOCAL CALL NUMBER (RLIN)
Classification number (OCLC) (R) ; Classification number, CALL (RLIN) (NR) 297.35538
Feature heading MUH
Feature heading G
100 0# - MAIN ENTRY--PERSONAL NAME
Personal name Muhd Kamil Ibrahim,
Relator term author
245 10 - TITLE STATEMENT
Title Anekdot Madinah :
Remainder of title benar, Dia Maha Mendengar
264 #1 - PRODUCTION, PUBLICATION, DISTRIBUTION, MANUFACTURE, AND COPYRIGHT NOTICE
Place of production, publication, distribution, manufacture Petaling Jaya, Selangor :
Name of producer, publisher, distributor, manufacturer Galeri Ilmu ,
Date of production, publication, distribution, manufacture, or copyright notice 2013
300 ## - PHYSICAL DESCRIPTION
Extent xlix, 346 pages :
Other physical details colour illustrations ;
Dimensions 22 cm
336 ## - CONTENT TYPE
Source rdacontent
Content type term text
337 ## - MEDIA TYPE
Source rdamedia
Media type term unmediated
338 ## - CARRIER TYPE
Source rdacarrier
Carrier type term volume
650 10 - SUBJECT ADDED ENTRY--TOPICAL TERM
Topical term or geographic name entry element Medina - Anecdotes. ; Traveler's writings.
700 0# - ADDED ENTRY--PERSONAL NAME
Personal name Zulina Hassan,
Relator term editor
942 ## - ADDED ENTRY ELEMENTS (KOHA)
-- dc
Koha item type Book
Holdings
Withdrawn Not for loan Current library Shelving location Date acquired Total Checkouts Total Renewals Full call number Barcode Date last seen Date last checked out Koha item type
    Perpustakaan Alor Setar Pinjaman Dewasa 09/02/2014 7 1 297.35538 MUH A01440920 01/09/2025 06/08/2025 Book
    Perpustakaan Alor Setar Pinjaman Dewasa 09/02/2014 10 2 297.35538 MUH A01440921 07/05/2026 07/05/2026 Book
    Perpustakaan Awam Sungai Petani Pinjaman Dewasa 09/02/2014 7   297.35538 MUH A01440922 01/01/2025 18/11/2024 Book
    Perpustakaan Baling Pinjaman Dewasa 07/09/2014     297.35538 MUH A01448678 09/05/2018   Book
    Perpustakaan Baling Pinjaman Dewasa 07/09/2014     297.35538 MUH A01448683 09/05/2018   Book
    Perpustakaan Bandar Baharu Pinjaman Dewasa 07/09/2014 1   297.35538 MUH A01448681 03/03/2019 24/02/2019 Book
    Perpustakaan Jitra Pinjaman Dewasa 09/02/2014 2 1 297.35538 MUH A01440923 23/11/2019 03/11/2019 Book
    Perpustakaan Kulim Pinjaman Dewasa 07/09/2014 3 1 297.35538 MUH A01448677 22/03/2025 16/11/2024 Book
    Perpustakaan Langkawi Pinjaman Dewasa 07/09/2014 1 1 297.35538 MUH A01448679 21/08/2025 20/07/2025 Book
    Perpustakaan Sik Pinjaman Dewasa 07/09/2014 1 1 297.35538 MUH A01448682 16/02/2025 23/01/2025 Book
    Perpustakaan Yan Pinjaman Dewasa 07/09/2014 1   297.35538 MUH A01448680 24/04/2025 03/04/2025 Book